Super Smash Bros. Characters with Mii Costumes - Statistics

General Stats
  • This quiz has been taken 61 times
  • The average score is 33 of 37
Answer Stats
Series Costume % Correct
Super Mario Builder {Mario}’s Hat
98%
Super Mario Builder {Mario}’s Outfit
98%
Super Mario {Mario}’s Cap
98%
The Legend of Zelda {Champion}’s Outfit
96%
The Legend of Zelda {Champion}’s Wig
96%
The Legend of Zelda {Link} Hat
96%
The Legend of Zelda {Link} Outfit
96%
Super Mario {Luigi}’s Cap
96%
Star Fox {Fox} Hat
93%
Star Fox {Fox} Outfit
93%
Splatoon {Inkling} Outfit
93%
Splatoon {Inkling} {Squid} Hat
93%
Splatoon {Inkling} Wig
93%
Super Mario {Peach}’s Crown
93%
The Legend of Zelda {Princess} {Zelda}’s Crown
93%
Metroid {Samus}’s Armour
93%
Metroid {Samus}’s Helmet
93%
Megaman {X}’s Armour
93%
Megaman {X}’s Helmet
93%
F-Zero {Captain} {Falcon} Helmet
89%
F-Zero {Captain} {Falcon} Outfit
89%
Wario {Wario}’s Cap
89%
Super Mario {Daisy}’s Crown
87%
Kirby {Meta} {Knight} Mask
87%
Yoshi {Woolly} {Yoshi} Mask
87%
Yoshi {Woolly} {Yoshi} Outfit
87%
Dragon Quest {Erdrick}’s Armour
85%
Dragon Quest {Erdrick}’s Helmet
85%
Animal Crossing {Isabelle} Hat
85%
Animal Crossing {Isabelle} Outfit
85%
Megaman {Megaman}.{EXE}’s Armour
85%
Megaman {Megaman}.{EXE}’s Helmet
85%
Donkey Kong Country {King} {K}. {Rool} Hat
80%
Donkey Kong Country {King} {K}. {Rool} Oufit
80%
The Legend of Zelda {Sheik} Mask
80%
Fire Emblem {Chrom} Outfit
74%
Fire Emblem {Chrom} Wig
74%
No matching quizzes found
Score Distribution
Percent of People with Each Score
Percentile by Number Answered
Your Score History
You have not taken this quiz